Normal view
MARC view
Entry Personal Name
001 - CONTROL NUMBER
- control field: 237028
003 - CONTROL NUMBER IDENTIFIER
- control field: OSt
005 - DATE AND TIME OF LATEST TRANSACTION
- control field: 20250825093021.0
008 - FIXED-LENGTH DATA ELEMENTS
- fixed length control field: 250825|| aca||aabn | a|a d
040 ## - CATALOGING SOURCE
- Original cataloging agency: OSt
- Transcribing agency: OSt
100 ## - HEADING--PERSONAL NAME
- Personal name: SHRIKANTHAYYA (Ti Nam).
- Dates associated with a name: ಶ್ರೀಕಂಠಯ್ಯ(ತೀ ನಂ)
670 ## - SOURCE DATA FOUND
- Source citation: Work cat.: (OSt)111844: SHRIKANTHAYYA (Ti Nam). ಶ್ರೀಕಂಠಯ್ಯ(ತೀ ನಂ), Rakshasana mudrike., 1977